Agricultura y cambio estructural en los paises centroamericanos /
Gespeichert in:
| 1. Verfasser: | |
|---|---|
| Körperschaften: | , |
| Weitere Verfasser: | |
| Format: | Text |
| Veröffentlicht: |
San José:
IICA
|
| Tags: |
Tag hinzufügen
Keine Tags, Fügen Sie den ersten Tag hinzu!
|
MARC
| LEADER | 00000 a a2200000 04500 | ||
|---|---|---|---|
| 001 | 24567 | ||
| 003 | |||
| 040 | |||
| 090 | |a 177500 | ||
| 100 | |a Rivera Urrutia, Eugenio | ||
| 110 | |a Instituto Interamericano de Cooperación para la Agricultura | ||
| 245 | |a Agricultura y cambio estructural en los paises centroamericanos / |c Instituto Interamericano de Cooperación para la Agricultura | ||
| 260 | |a San José: |b IICA | ||
| 300 | |a 90 p | ||
| 700 | |a Fallas Venegas, Helio | ||
| 710 | |a IICA | ||
| 999 | |c 17127 |d 17127 | ||
